Structural change in trade in manufactured goods between industrial and developing countries (Record no. 38349)

MARC details
000 -LEADER
fixed length control field 00340nam a2200109Ia 4500
082 ## - DEWEY DECIMAL CLASSIFICATION NUMBER
Classification number 339.1
Item number BAL
100 ## - MAIN ENTRY--AUTHOR NAME
Personal name BALASSA, Bela
245 #0 - TITLE STATEMENT
Title Structural change in trade in manufactured goods between industrial and developing countries
260 ## - PUBLICATION, DISTRIBUTION, ETC. (IMPRINT)
Place of publication Washington
Name of publisher Bala Balassa
Year of publication 1980
942 ## - ADDED ENTRY ELEMENTS (KOHA)
Koha item type Books
Holdings
Withdrawn status Lost status Damaged status Not for loan Home library Current library Date acquired Full call number Accession Number Koha item type
        RRII Library RRII Library 16/12/2021 339.1 BAL 18710 Books